00251nam a22000977a 4500082001000000100001700010245006500027260003600092300001700128563000800145 a297.2 aNuzhat Mufti aAsr e hazir k Taqazay aur kaleed fozul BasharcMufti, Nuzhat aNoshera:bTaj Publisher,c2025. a824 p.c22cm aHB.